000 00416cam a2200169ua 4500
020 _c1/25
041 _ahin
_h
082 _a891.54
_bMAI/KA
100 _aShavan Guptha, Maiethily .
245 0 0 _akhabba Aur Khabal /
_cMaiethily Shavan Guptha.
_hTextual Documents
260 _a :
_bSahithya Sadhan ,
_c1961.
300 _a108 ; .
365 _a1/25
504 _a
942 _cBK
999 _c11708
_d11708